[Event "RUS-chT Blitz Men 2018"]
[Site "Sochi"]
[Date "2018.10.10"]
[Round "5"]
[White "Tenikashvili, Georgij"]
[Black "Inozemtsev, Sergei"]
[Result "1/2-1/2"]
[WhiteElo "2361"]
[BlackElo "2310"]
[Annotator "TA"]
[PlyCount "170"]
[EventDate "2018.10.10"]
[EventType "swiss"]
[EventCountry "RUS"]
[SourceTitle "playchess.com"]
[Source "ChessBase"]
[SourceQuality "1"]

{[%evp 11,170,0,0,0,37,6,9,0,14,21,29,30,54,27,24,28,38,24,70,12,11,11,12,-36,0,0,24,0,0,7,13,22,11,-33,-45,-13,-18,-33,-33,-43,-10,-62,-68,-68,-49,-71,-49,-54,-32,-31,0,0,0,-137,0,-96,0,-53,318,97,110,52,153,48,52,28,19,-10,31,36,55,43,87,34,42,41,112,112,114,112,112,114,113,116,164,147,1335,1310,1181,1151,847,301,301,301,294,293,299,270,498,279,326,205,213,208,198,198,220,198,203,0,0,0,205,201,234,234,223,0,75,0,214,182,189,0,198,198,198,198,199,79,274,112,120,70,73,66,80,33,58,0,0,0,177,154,172,111,111,80,80,0,0,0,80,0,0,0,0,0,0,0,0]} 1. d4 e6 2. c4 Nf6 3. Nf3 b6 4. a3 Bb7 5. Nc3 Be7 6. Bg5 O-O {LiveBook: 8 Partien. E12: Damenindisch (Petrosjan-System und 4. oder 5.Lg5)} (6... c5 7. e3 cxd4 8. exd4 O-O 9. Bd3 d5 10. Bxf6 Bxf6 11. cxd5 exd5 12. O-O Nc6 13. Bc2 Rc8 14. Qd3 g6 15. b4 a5 16. b5 Ne7 17. Bb3 Qd6 18. Rfe1 Rc7 19. Ne5 Rfc8 20. Na4 Nf5 {½-½ (42) Grooten,H (2374)-Iturrizaga Bonelli,E (2640) Vlissingen 2018}) 7. Qc2 d6 8. e3 Nbd7 9. Be2 Re8 10. O-O Nf8 11. Rfd1 $146 ({Vorgänger:} 11. e4 h6 12. Bd2 Ng6 13. Ne1 e5 14. d5 Bc8 15. Nd3 Nh7 {0-1 (46) Szuveges,N-Muekke,J Canberra 1997}) 11... Ng6 12. Rac1 h6 13. Bxf6 Bxf6 14. Nd2 e5 15. dxe5 (15. d5 $14) 15... Bxe5 $11 16. Bf3 c6 17. Nde4 Qc7 18. Ng3 Rad8 19. Rd2 Nh4 20. Be2 Bc8 21. Rcd1 Qe7 22. Nce4 f5 23. Nc3 f4 24. exf4 Bxf4 25. Rd4 Be5 26. R4d3 (26. Re4 $11 Rf8 27. Bg4) 26... Rf8 $36 {[%mdl 2048] Schwarz hat Initiative.} 27. Re3 Qf7 28. Bd3 Bg4 29. Rf1 Bf4 30. Re4 d5 31. cxd5 cxd5 32. Rd4 {[#]} (32. Ra4 $11) 32... Kh8 (32... Bf3 $1 $17 {[%cal Rf3g2][%mdl 512]} 33. Bf5 (33. gxf3 Nxf3+) 33... g5) 33. Qb3 {[#]} (33. Nce2 $11 Bxe2 34. Qxe2 (34. Nxe2 g5 $11)) 33... Be6 (33... Bh3 $1 $17 {[%cal Rh3g2][%mdl 512]} 34. Be4 (34. gxh3 Nf3+) 34... Qf6 35. Rxd5 Be6) 34. Qa4 (34. Nce2 $11 Bg5 35. Bc2) 34... Bxg3 $4 {[%mdl 8192]} (34... g5 $1 $15 {behält die Oberhand.}) 35. hxg3 $2 (35. fxg3 $18 {ist der präzise Gewinnweg.} Nf5 36. g4) 35... Nf5 $16 {...Ld7 ist eine echte Drohung.} 36. Bxf5 (36. Rf4 $16 {Droht stark Lxf5.} Qd7 37. Qxd7 Bxd7 38. Nxd5) 36... Qxf5 (36... Bxf5 $14 37. Qd1 Be6) 37. Rf4 ({Besser ist} 37. Qxa7 $16 Bg8 38. Qa4 (38. Qxb6 Rb8 $16)) 37... Qe5 38. Rxf8+ Rxf8 39. Nb5 Bd7 40. Qb4 Re8 {Schwarz will ...a5 spielen.} 41. Nd4 a5 42. Qd2 (42. Qxb6 $16 Rb8 43. Qxa5) 42... Qe4 43. Nf3 Bg4 (43... Bb5 $14 44. Rc1 Qd3) 44. Re1 Qg6 45. Rxe8+ Qxe8 46. Qxd5 Bxf3 47. gxf3 {[%mdl 4096] Endspiel KD-KD} Qe1+ 48. Kg2 Qe2 $2 {[%mdl 8192]} (48... Qe8 $16 49. f4 Qf8) 49. Qd8+ $18 Kh7 50. Qxb6 a4 51. Qb4 $2 (51. b4 axb3 52. Qxb3) 51... Qd1 52. Qe4+ Kg8 53. f4 Kh8 54. f5 Kg8 $2 (54... Qd7 55. g4 Kg8 56. Qc4+ Kf8 57. Qc5+ Kg8 58. Qc4+ Kf8) 55. g4 (55. Qe8+ $142 Kh7 56. Qg6+ Kh8 57. f6 Qd5+ 58. Kh2 gxf6 59. Qxh6+ Kg8 60. Qg6+ Kh8 61. Qxf6+ Kg8 62. g4) 55... Qd2 56. Qb4 ({Jedoch nicht} 56. Qxa4 Qxb2 57. Qe8+ Kh7) 56... Qd5+ 57. Kg3 Qd3+ 58. f3 Qd1 59. Kf4 Qc1+ 60. Kg3 Qg1+ 61. Kf4 Qc1+ $1 62. Ke4 Qc6+ 63. Ke3 Qc1+ 64. Ke4 (64. Qd2 $18 {ist viel giftiger.} Qc5+ 65. Qd4 Qc1+ 66. Kd3 Qd1+ 67. Ke3 Qc1+ 68. Ke4) 64... Qc6+ $1 $16 65. Ke3 (65. Kd4 $16 {zielt auf Dc4+ ab.} Qxf3 66. Kc5) 65... Qc1+ $1 $18 66. Kf2 Qc2+ 67. Kg3 Qd1 $1 68. Qc4+ Kh8 69. Qc3 Kg8 70. f6 (70. Kf4 $18) 70... Qd6+ $2 (70... gxf6 $16 {war nötig.} 71. Qe3 (71. Qxf6 Qe1+ 72. Kh3 Qf1+ 73. Kg3 Qe1+ 74. Kh2 Qe2+ 75. Kg3 Qe1+ $11) 71... Qb1) 71. Kf2 (71. Kh3 $18 {bietet bessere Gewinnchancen.}) 71... gxf6 $16 72. Qc8+ Kg7 73. Qb7+ Kg8 74. Qa8+ Kg7 75. Qxa4 (75. Qe4 $14) 75... Qd2+ $1 $11 76. Kg3 {Und weiter mit Da7+ wäre nett.} Qxb2 $2 (76... Qe1+ $11 {und Schwarz muss sich keine Sorgen machen.} 77. Kg2 Qe2+ 78. Kg3 Qe1+ 79. Kg2 Qe2+ 80. Kg1 (80. Kg3 Qe1+ $11) 80... Qe1+ 81. Kh2 Qf2+ 82. Kh3 Qxf3+ 83. Kh4 Qf2+ 84. Kh3 Qf3+ 85. Kh4 Qf2+ 86. Kh3 Qf3+) 77. Qa7+ Kg8 78. Qa8+ (78. Qe3 $1 $18) 78... Kg7 $16 79. a4 Qe5+ {[#]} 80. Kg2 (80. Kh3 $1 $16) 80... Qe2+ $1 $11 81. Kg3 ({Günstiger ist} 81. Kh3 $11) 81... Qe5+ $16 {[#]} 82. f4 (82. Kh3 $1 $16) 82... Qe1+ $11 {Die Stellung ist ausgeglichen.} 83. Kg2 Qe2+ 84. Kg3 {Und Db7+ würde nun gewinnen.} Qe1+ 85. Kg2 Qe2+ {Precision: Weiß = 31%, Schwarz = 35%.} 1/2-1/2

[Event "RUS-chT Blitz Men 2018"]
[Site "Sochi"]
[Date "2018.10.10"]
[Round "5"]
[White "Dilmukhametov, Artur"]
[Black "Nazaretyan, Tigran"]
[Result "1-0"]
[WhiteElo "2353"]
[BlackElo "2248"]
[Annotator "TA"]
[PlyCount "119"]
[EventDate "2018.10.10"]
[EventType "swiss"]
[EventCountry "RUS"]
[SourceTitle "playchess.com"]
[Source "ChessBase"]
[SourceQuality "1"]

{[%evp 16,119,50,50,54,47,68,73,75,14,57,42,46,9,23,18,9,0,0,-7,73,59,73,80,187,179,261,242,311,258,260,228,256,201,307,300,296,254,284,265,261,253,260,260,258,240,240,252,293,258,587,574,618,470,955,914,985,985,985,985,985,985,985,985,985,983,977,977,977,956,1249,1256,980,1165,1158,1128,1179,1164,1171,1044,2491,2236,5708,5664,29982,29983,29983,29984,29984,29985,29987,29989,29988,29982,29982,29983,29983,29984,29984,29985,29985,29986,29987,29987,29993,29994]} 1. d4 Nf6 2. Nc3 c5 3. d5 e5 4. e4 d6 5. f4 exf4 6. Bxf4 Be7 7. Nf3 a6 {A44: Semi-Benoni} (7... Bg4 8. h3 Nh5 9. Bb5+ Bd7 10. Bh2 Bh4+ 11. Nxh4 Qxh4+ 12. Kd2 Qg5+ 13. Kd3 Nf4+ 14. Bxf4 Qxf4 15. Rf1 {½-½ (63) Hector,J (2499)-Bates,R (2331) London 2015}) 8. a4 O-O 9. Be2 {LiveBook: 4 Games} Bg4 {White is slightly better.} 10. Nd2 Bxe2 11. Qxe2 Nbd7 12. Nc4 $146 ({White should try} 12. O-O $16) ({Predecessor:} 12. O-O Re8 13. Nc4 {1-0 (31) Cording,H (2285)-Nietsch,H Potsdam 1997}) 12... Ne8 (12... b5 $5 13. axb5 axb5 14. Rxa8 Qxa8 15. Nxb5 (15. Bxd6 Bxd6 16. Nxd6 Qa1+ 17. Nd1 Qa5+ 18. Nc3 Qa1+ 19. Nd1 Qa5+ 20. Nc3 Qa1+ $11) 15... Qa1+ 16. Qd1 Qxd1+ 17. Kxd1 Nxe4 $14) 13. a5 Bg5 14. O-O Bxf4 15. Rxf4 Ne5 16. Nb6 Rb8 17. Raf1 Nc7 {[#]} (17... Nf6 $11 {remains equal.}) 18. Nd1 $1 $36 {[%mdl 2048] White has the initiative.} Nb5 19. c3 c4 (19... Na7 $16) 20. Ne3 $18 ({But not} 20. Nxc4 $6 Nxc4 21. Qxc4 Qxa5 $16) 20... g6 (20... Qc7 {was necessary.} 21. Nexc4 (21. Nbxc4 f6 $16) 21... f6 22. Nxe5 dxe5) 21. Nexc4 Nxc4 22. Qxc4 Qe7 23. Qd3 Rbd8 24. Nc4 {[%cal Bb6c4,Bc4d2,Bd2b3,Bb3d4,Bd4f5][%mdl 32]} Rde8 (24... Nc7 $142 25. Qd4 Rde8) 25. h3 f6 26. Nd2 Kg7 27. c4 Nc7 28. Nb3 Qe5 29. Nd4 Rf7 30. b4 Rc8 31. g3 Re8 32. Kg2 g5 $2 (32... Ref8 {is tougher.} 33. g4 h6) 33. Nf5+ Kg6 34. R4f2 {[#] Strongly threatening Nxd6!} Qxe4+ (34... Rd7 $142 35. Ne3 f5 36. Rxf5 Qxe4+ 37. Qxe4 Rxe4 38. Rf6+ Kg7) 35. Qxe4 Rxe4 36. Nxd6 Ree7 37. Nxf7 Rxf7 {[%mdl 4096] Endgame KRR-KRN} 38. d6 {Rxf6+! is the strong threat.} Ne6 39. Re1 Nf8 40. Re7 Nd7 41. Rfe2 {aiming for Rxf7.} Ne5 42. Rd2 Rxe7 43. dxe7 {KR-KN} Kf7 44. Rd8 Kxe7 45. Rb8 Nxc4 46. Rxb7+ Kd6 47. Ra7 Kc6 48. Rxa6+ Kb5 49. Rxf6 Kxb4 50. a6 {White mates.} Ne3+ 51. Kf3 Nd5 52. a7 Nxf6 53. a8=Q Kb5 54. Qb8+ Kc6 55. Qe5 Nd7 56. Qxg5 Kd6 57. Qh6+ Kd5 58. Qxh7 Ne5+ 59. Kf4 Nd3+ 60. Qxd3+ {Precision: White = 67%, Black = 33%.} 1-0

[Event "RUS-chT Blitz Men 2018"]
[Site "Sochi"]
[Date "2018.10.10"]
[Round "5"]
[White "Derjabin, Ilja"]
[Black "Alexeev, Alexey"]
[Result "1/2-1/2"]
[WhiteElo "2345"]
[BlackElo "2287"]
[Annotator "TA"]
[PlyCount "88"]
[EventDate "2018.10.10"]
[EventType "swiss"]
[EventCountry "RUS"]
[SourceTitle "playchess.com"]
[Source "ChessBase"]
[SourceQuality "1"]

{[%evp 20,88,-14,-35,-10,-31,-31,-13,47,-36,60,-10,51,47,66,66,124,121,116,99,113,58,105,110,101,47,176,167,169,159,143,121,122,118,164,136,245,239,349,344,349,331,489,336,611,479,799,747,1408,1326,29977,29978,29978,29979,29979,0,0,0,0,0,0,0,0,0,29980,0,0,0,29980,0,0]} 1. Nf3 Nf6 2. g3 b6 3. Bg2 Bb7 4. O-O c5 5. d3 d5 6. Nbd2 e6 7. c3 Be7 8. e4 O-O 9. e5 Nfd7 10. Re1 Nc6 11. Nf1 a5 {C00: French: Unusual White 2nd moves} (11... b5 12. Bf4 b4 13. c4 Nb6 14. Qe2 Qd7 15. Rad1 Rfd8 16. h4 Nd4 17. Nxd4 cxd4 18. b3 a5 19. Qg4 Kh8 {1-0 (31) Amin,B (2684)-Nguyen,A (2454) Abu Dhabi 2018}) 12. h4 {[%cal Bh2h4,Bh4h5,Bh5h6][%mdl 32]} a4 $146 ({Predecessor:} 12... Ba6 13. a4 h6 14. N1h2 Re8 15. Bf4 b5 16. axb5 Bxb5 17. Qd2 Bf8 18. g4 Ne7 19. h5 {1-0 (46) Lenoir Ibacache,G (2245)-Alfaro Ramos,V (2043) Quilpue 2018}) 13. h5 Re8 (13... a3 $11) 14. Bf4 (14. h6 $14) 14... Bf8 (14... a3 $15 15. b3 b5) 15. Ne3 (15. h6 $1 $14) 15... f6 ({Black should play} 15... h6 $11) 16. exf6 $14 Nxf6 17. h6 g6 (17... gxh6 $14 18. d4 a3) 18. Bg5 $16 Be7 19. Bh3 Bc8 20. Qd2 (20. Nc2 $16) 20... Nh5 21. Bxe7 Rxe7 22. Ng4 (22. d4 $16) 22... Qf8 (22... e5 $14) 23. Nfe5 Nxe5 24. Nxe5 Bb7 25. d4 Nf6 26. f3 a3 27. b4 cxb4 (27... c4 $16 28. b5 Ne8) 28. cxb4 $18 {[%cal Bc3b4,Bb4b5][%mdl 32]} Rc8 (28... Rae8 $142 29. Qg5 Rc7) 29. Rac1 Nh5 30. Kh2 {[%cal Bg1h2,Bh2g3,Bg3g2,Bg2f1][%mdl 32]} Qf6 (30... Ra8 $142 31. Qg5 Kh8) 31. b5 Rxc1 $2 (31... Rce8 32. Bg4 Ba8) 32. Rxc1 g5 (32... Qf8 $142 33. Qb4 Nf6 34. Qxa3 g5) 33. Qb4 Nxg3 34. Kxg3 Qf4+ 35. Kg2 Qxc1 36. Qxe7 {[%csl Gh6][%cal Re7g7]} Qd2+ 37. Kf1 $2 (37. Kh1 Qd1+ 38. Bf1 $1 {[%mdl 512]} Qxf1+ 39. Kh2 Qf2+ 40. Kh3 Qh4+ 41. Kg2 Qxh6 42. Ng4) 37... Qc1+ 38. Ke2 {[%csl Gh6][%cal Re7g7]} Qc2+ 39. Ke3 {[%csl Gh6][%cal Re7g7]} Qc1+ 40. Kf2 {[%csl Gh6][%cal Re7g7]} Qd2+ 41. Kg1 {[%csl Gh6][%cal Re7g7]} Qe3+ $2 {[%mdl 8192]} (41... Qxd4+ $11 42. Kh1 Qa1+ 43. Kg2 Qb2+ 44. Kh1 Qb1+ 45. Kg2 Qb2+ 46. Kg1 Qd4+ 47. Kh1 Qa1+ 48. Kg2 Qb2+) 42. Kf1 $2 (42. Kh1 Qe1+ 43. Bf1 $1 {[%mdl 512]} Qxf1+ 44. Kh2 Qf2+ 45. Kh3 Qh4+ 46. Kg2 Qxh6 47. Ng4) 42... Qc1+ $11 43. Kg2 $2 {[%mdl 8192]} (43. Ke2 $11 Qb2+ 44. Kf1 Qc1+) 43... Qd2+ 44. Kg3 $2 (44. Kh1 {mates} Qc1+ {[#]} 45. Bf1 $1 {[%mdl 512]} Qxf1+ 46. Kh2 Qf2+ 47. Kh3 Qh4+ 48. Kg2 Qxh6 49. Ng4) 44... Qf4+ $1 {Precision: White = 46%, Black = 25%.} 1/2-1/2

[Event "RUS-chT Blitz Men 2018"]
[Site "Sochi"]
[Date "2018.10.10"]
[Round "5"]
[White "Remizov, Yaroslav"]
[Black "Sharafiev, Azat"]
[Result "0-1"]
[WhiteElo "2315"]
[BlackElo "2432"]
[Annotator "TA"]
[PlyCount "100"]
[EventDate "2018.10.10"]
[EventType "swiss"]
[EventCountry "RUS"]
[SourceTitle "playchess.com"]
[Source "ChessBase"]
[SourceQuality "1"]

{[%evp 14,100,12,0,96,22,27,29,25,3,-4,-7,-5,-12,10,-67,-75,-75,-61,-101,-92,-92,-93,-98,-82,-114,-70,-110,-68,-68,-68,-68,-64,-69,-66,-74,-63,-65,-63,-63,-73,-66,-68,-77,-80,-80,-79,-77,-77,-93,-93,-106,-121,-117,-96,-175,-191,-329,-282,-282,-282,-282,-282,-282,-282,-278,-252,-211,-89,-72,-33,-2387,-2308,-2254,-1973,-3013,-2504,-2851,-2313,-5179,-5179,-29975,-29975,-29987,-29988,-29989,-29981,-5705,-4777]} 1. e4 Nc6 2. Nc3 e5 3. Nf3 Nf6 4. Be2 d5 5. exd5 Nxd5 6. O-O Nxc3 7. bxc3 Bd6 {C47: Scotch Four Knights and Four Knights with 4 g3} (7... e4 8. Ne1 Bd6 9. f3 f5 10. fxe4 fxe4 11. Rb1 Qe7 12. d4 exd3 13. cxd3 Bd7 14. Rxb7 O-O-O 15. Rb2 {1-0 (29) Van Foreest,J (2629)-Giri,A (2752) Amstelveen 2017}) 8. d4 {LiveBook: 48 Games} e4 (8... O-O $11) 9. Nd2 $146 ({White should play} 9. Ng5 $16) ({Predecessor:} 9. Ng5 Bf5 10. f3 exf3 11. Bxf3 Bg6 12. Re1+ Ne7 13. Bxb7 Rb8 14. Bc6+ Kf8 15. Bf3 {½-½ (66) Popov,I (2648)-Frolyanov,D (2569) Sochi 2015}) 9... Bf5 $11 {The position is equal.} 10. Nc4 O-O 11. Rb1 b6 12. Nxd6 cxd6 13. Ba3 Rc8 14. Bg4 (14. Qd2 $11) 14... Bxg4 15. Qxg4 Re8 16. Rfe1 d5 17. f3 exf3 18. Qxf3 Qd7 19. Rf1 Re4 20. Qf5 Rd8 (20... Qxf5 {with more complications.} 21. Rxf5 Re3 22. Rf3 Rxf3 23. gxf3 Na5) 21. Qxd7 Rxd7 22. Rbe1 Rxe1 23. Rxe1 $15 {[%cal Re1e8][%mdl 4096] [#] Endgame KRB-KRN} f6 24. Re8+ Kf7 25. Rh8 h6 26. Kf2 Na5 27. Rf8+ Kg6 28. Rc8 Nc4 29. Bc1 Nd6 30. Rc6 Kf5 31. Kf3 h5 {[%cal Bh6h5,Bh5h4][%mdl 32]} 32. h3 h4 33. Bf4 Nc4 34. Bb8 (34. Bc1 $17 {might work better.}) 34... Re7 $19 {Hoping for ...Re3+.} 35. Rc7 (35. Kf2 {was the only chance.}) 35... Rxc7 36. Bxc7 {KB-KN} g5 37. Bb8 a6 38. Bc7 b5 39. Bb8 Na3 40. Ke2 Nxc2 (40... Kg6 $19 41. Bd6 Nc4) 41. Bd6 $17 {[#] And now Kd2 would win.} Ke4 {Threatens to win with ...Ne3.} 42. Kd2 $2 {[%mdl 8192]} (42. Be7 $15) 42... Ne3 $19 43. Be7 Nxg2 44. Bxf6 Kf5 45. Bd8 Nf4 46. Ke3 Nxh3 47. Be7 Nf4 48. Kf3 g4+ 49. Kf2 h3 50. Kg3 Ne2+ {Precision: White = 38%, Black = 71%.} 0-1

[Event "RUS-chT Blitz Men 2018"]
[Site "Sochi"]
[Date "2018.10.10"]
[Round "5"]
[White "Linker, Mikhail"]
[Black "Papenin, Nikolai"]
[Result "0-1"]
[WhiteElo "2269"]
[BlackElo "2334"]
[Annotator "TA"]
[PlyCount "134"]
[EventDate "2018.10.10"]
[EventType "swiss"]
[EventCountry "RUS"]
[SourceTitle "playchess.com"]
[Source "ChessBase"]
[SourceQuality "1"]

{[%evp 20,134,40,42,56,24,27,35,27,23,49,27,36,16,43,0,0,-9,0,-47,-47,-63,-52,-62,-64,-79,-80,-80,-76,-75,-84,-89,13,15,33,48,84,52,111,7,8,8,8,13,96,-2,0,-111,-106,-110,0,-13,0,-99,-63,-300,-302,-294,-294,-266,-121,-135,-135,-204,-43,-200,-206,-247,-233,-370,-345,-297,-187,-212,-185,-253,-253,-245,-238,-215,-225,-721,-641,-963,-928,-1095,-1000,-1389,-1295,-4706,-1518,-5089,-4722,-29974,-29976,-29986,-29982,-29983,-29984,-29984,-29985,-29986,-29985,-29985,-29986,-29986,-29987,-29993,-29990,-29990,-29989,-29991,-29992,-29993,-29994,-29994,-29995]} 1. d4 d5 2. c4 dxc4 3. e3 Nf6 4. Bxc4 e6 5. Nf3 c5 6. O-O Nc6 7. Nc3 Be7 8. a3 O-O 9. dxc5 Bxc5 10. b4 Bd6 11. Bb2 a6 {D26: Queen's Gambit Accepted: 4 e3 e6 5 Bxc5 c5 sidelines} 12. Ne2 $146 ({Predecessor:} 12. Rc1 Qe7 13. Qc2 Bd7 14. Rfd1 Ne5 15. Ne4 Nxf3+ 16. gxf3 Nxe4 17. Qxe4 Bc6 18. Qd4 {½-½ (19) Sorokin,M (2572)-Sasikiran,K (2514) Kolkata 2000}) 12... Qe7 13. Rc1 Rd8 {...Bxh2+! is the strong threat.White is slightly better.} 14. Qc2 h6 15. Rfd1 Bd7 16. Qb1 Rac8 17. Ned4 Nxd4 18. Bxd4 (18. Nxd4 {with more complications.} a5 19. bxa5 Rc5 20. Be2 Rxa5 21. Bf3) 18... Bc6 19. Ne5 (19. Be2 {keeps more tension.} Nd7 20. Bb2 b5 21. Qa1 e5 22. a4) 19... Bxe5 20. Bxe5 Rxd1+ 21. Rxd1 Bxg2 $1 22. Kxg2 {And now Bb3 would win.} Rxc4 23. Qd3 Rc8 $1 24. Qd6 Qxd6 25. Rxd6 $17 {[%mdl 4096] Endgame KRB-KRN} Kf8 (25... Ne4 $17 26. Rd4 Nf6) 26. Rb6 $11 Nd5 27. Rxb7 Rc2 28. Bd4 Ra2 (28... Kg8 $14) 29. b5 (29. Rb8+ $16 Ke7 30. Ra8 (30. Bxg7 Nxe3+ 31. Kg1 Nf5 $11)) 29... axb5 30. Rxb5 f6 31. Rb7 e5 (31... Rc2 $11) 32. Bc5+ ({White should play} 32. Bb2 $1 $16) 32... Kg8 33. Ra7 {[#]} (33. Kf3 $11 {keeps the balance.}) 33... Nc3 $1 $17 34. Bb4 Nd5 (34... Nd1 $17 35. Rd7 Nxe3+ 36. Kf3 Nc2) 35. Bc5 $1 $11 Nc3 (35... Rc2 $11 36. Ra5 Nc3) 36. Bb4 $1 $17 {[%cal Rb4c3]} Ne4 37. a4 $2 ({White should try} 37. Be1 $15) 37... Rxf2+ $19 38. Kg1 Rb2 39. Be7 Rb3 (39... Ng5 $19 {is more deadly.} 40. a5 Nf3+ 41. Kf1 Nxh2+ 42. Ke1 h5 43. Ra8+ Kh7) 40. a5 Rxe3 41. a6 (41. Kf1 $17) 41... Re1+ 42. Kg2 Ra1 43. Ra8+ Kf7 44. Bb4 (44. a7 $142) 44... Ra2+ 45. Kf1 Ra4 46. a7 {Hoping for Rf8+.} Kg6 ({Don't do} 46... Rxb4 47. Rb8 $17) 47. Be7 (47. Ke2 {is a better defense.}) 47... f5 48. Ke2 h5 49. Kd3 {[#]} f4 $1 50. Re8 $2 (50. h4) 50... Nf2+ 51. Ke2 Rxa7 52. Kxf2 {KRB-KR} Kf7 53. Rh8 Rxe7 54. Rxh5 {KR-KR} Kf6 (54... Kg6 $142 55. Rh8 e4) 55. Rh8 e4 56. h4 Kf5 {Black mates.} 57. h5 Ra7 58. h6 Ra2+ 59. Ke1 gxh6 60. Rxh6 Kg4 61. Rh8 f3 62. Re8 Kf4 63. Kf1 Ke3 {[%cal Ra2a1]} 64. Kg1 Ra1+ 65. Kh2 f2 66. Rb8 f1=Q 67. Rb3+ Kd4 {Precision: White = 39%, Black = 59%.} 0-1

[Event "RUS-chT Blitz Men 2018"]
[Site "Sochi"]
[Date "2018.10.10"]
[Round "5"]
[White "Nuristani, Iman"]
[Black "Sirotin, Pavel"]
[Result "1-0"]
[WhiteElo "2242"]
[BlackElo "2012"]
[Annotator "NA"]
[PlyCount "75"]
[EventDate "2018.10.10"]
[EventType "swiss"]
[EventCountry "RUS"]
[SourceTitle "playchess.com"]
[Source "ChessBase"]
[SourceQuality "1"]
[TimeControl "180+2"]

1. d4 {[%emt 0:00:00]} d5 {[%emt 0:00:00]} 2. c4 {[%emt 0:00:01]} e6 {[%emt 0:00:00]} 3. Nc3 {[%emt 0:00:00]} Nf6 {[%emt 0:00:01]} 4. cxd5 {[%emt 0:00:01]} exd5 {[%emt 0:00:01]} 5. Bg5 {[%emt 0:00:01]} Nbd7 {[%emt 0:00:03]} 6. e3 {[%emt 0:00:01]} c6 7. Qc2 Be7 {[%emt 0:00:02]} 8. Bd3 {[%emt 0:00:01]} Nh5 {[%emt 0:00:01]} 9. Bxe7 {[%emt 0:00:01]} Qxe7 {[%emt 0:00:02]} 10. Nge2 {[%emt 0:00:02]} g6 {[%emt 0:00:04]} 11. O-O {[%emt 0:00:18]} O-O {[%emt 0:00:01]} 12. Rae1 {[%emt 0:00:11]} Nb6 {[%emt 0:00:11]} 13. b3 {[%emt 0:00:10]} Bg4 {[%emt 0:00:15]} 14. Ng3 {[%emt 0:00:21]} Nxg3 {[%emt 0:00:02]} 15. hxg3 {[%emt 0:00:01]} Rfe8 {[%emt 0:00:06]} 16. Ne2 {[%emt 0:00:13]} Nc8 {[%emt 0:00:07]} 17. Nf4 {[%emt 0:00:03]} Nd6 {[%emt 0:00:01]} 18. f3 {[%emt 0:00:05]} Bf5 {[%emt 0:00:05]} 19. g4 {[%emt 0:01:15]} Bxd3 {[%emt 0:00:02]} 20. Qxd3 {[%emt 0:00:01]} Rad8 {[%emt 0:00:02]} 21. Qd2 {[%emt 0:00:11]} Qg5 {[%emt 0:00:09]} 22. Nd3 {[%emt 0:00:06]} f5 {[%emt 0:00:11]} 23. Ne5 {[%emt 0:00:07]} Nf7 {[%emt 0:00:06]} 24. f4 {[%emt 0:00:18]} Qe7 {[%emt 0:00:04]} 25. gxf5 {[%emt 0:00:01]} gxf5 {[%emt 0:00:01]} 26. Rf3 {[%emt 0:00:03]} Nxe5 {[%emt 0:00:04]} 27. fxe5 {[%emt 0:00:03]} Qe6 {[%emt 0:00:10]} 28. Qf2 {[%emt 0:00:03]} Rf8 {[%emt 0:00:03]} 29. Rf1 {[%emt 0:00:01]} Rd7 {[%emt 0:00:06]} 30. Rxf5 {[%emt 0:00:03]} Rxf5 {[%emt 0:00:03]} 31. Qxf5 {[%emt 0:00:00]} Qxf5 {[%emt 0:00:05]} 32. Rxf5 {[%emt 0:00:02]} Rg7 {[%emt 0:00:01]} 33. Kf2 {[%emt 0:00:02]} Rg4 {[%emt 0:00:04]} 34. Kf3 {[%emt 0:00:02]} Rh4 {[%emt 0:00:00]} 35. g3 Rh2 {[%emt 0:00:02]} 36. e6 {[%emt 0:00:12]} Rh6 {[%emt 0:00:25]} 37. e7 {[%emt 0:00:01]} Re6 {[%emt 0:00:18]} 38. Rf8+ {[%emt 0:00:01]} 1-0

[Event "RUS-chT Blitz Men 2018"]
[Site "Sochi"]
[Date "2018.10.10"]
[Round "5"]
[White "Taysayev, Timur"]
[Black "Ozgibcev, Anatoly"]
[Result "1/2-1/2"]
[WhiteElo "2225"]
[BlackElo "2368"]
[Annotator "TA"]
[PlyCount "104"]
[EventDate "2018.10.10"]
[EventType "swiss"]
[EventCountry "RUS"]
[SourceTitle "playchess.com"]
[Source "ChessBase"]
[SourceQuality "1"]

{[%evp 11,104,77,61,45,34,20,16,25,34,-4,-16,-154,-155,-181,-166,-175,-166,-164,-102,-207,-81,-99,-70,-86,-83,-78,16,16,16,14,21,14,19,18,19,23,20,2,9,-10,-8,-14,0,-7,-6,-2,2,2,7,1,91,18,18,0,18,0,0,0,0,0,0,0,0,0,0,0,0,0,8,0,8,0,0,0,0,0,0,0,0,0,0,0,0,0,0,0,116,0,0,0,0,0,0,0,0]} 1. e4 d5 2. exd5 Nf6 3. Nf3 Qxd5 4. Nc3 Qd6 5. d4 a6 6. g3 Bg4 7. Bf4 {B01: Scandinavian Defence} (7. Bg2 c6 8. O-O e6 9. h3 Bxf3 10. Bxf3 Be7 11. b3 O-O 12. Bb2 Nbd7 13. Ne2 Rad8 14. Re1 Rfe8 {0-1 (64) Hou,Y (2663)-Megaranto,S (2535) Almaty 2016}) 7... Qb4 8. Bg2 Nc6 9. O-O O-O-O {[%cal Rc6d4]} 10. d5 {[#] Strongly threatening a3.} e6 11. dxc6 $146 (11. a3 $11 Qxb2 12. Qe1 Nxd5 13. Nxd5 exd5 14. c4) ({Predecessor:} 11. h3 Bh5 12. g4 Qxf4 13. gxh5 Nxd5 14. Qe2 Qh6 15. Nxd5 Rxd5 {½-½ (78) Pugachov,A (2449)-Ozgibcev,A (2433) chessassistantclub.com INT 2004}) 11... Rxd1 $17 12. Rfxd1 {a3 is the strong threat.} bxc6 13. Rab1 Bd6 14. Rd4 Qb6 (14... Qc5 $19 15. Be3 Qh5) 15. Na4 (15. Be3 $17 Qb7 16. Ra4) 15... Qa7 (15... Qb5 $19 {is more deadly.} 16. Be3 Qh5) 16. Be3 {[#] And now Rxg4! would win.} Qb8 {White must now prevent ...e5.} 17. Rc4 {Black should prevent Nd4.} Qb5 18. Nd2 Be2 (18... Qh5 $17) 19. Nc3 $11 Qxc4 20. Nxc4 Bxc4 21. Bxc6 Nd5 22. Nxd5 Bxd5 23. Bxd5 exd5 {[%mdl 4096] Endgame KRB-KRB} 24. Bd4 f6 25. Re1 Kd7 26. b3 Rb8 27. Kf1 c5 28. Bc3 Re8 29. Rxe8 Kxe8 {KB-KB} 30. Ke2 c4 (30... Kd7 $11 {keeps the balance.}) 31. Bd4 ({White should try} 31. bxc4 $16 dxc4 32. Ke3) 31... Kd7 32. h3 Ke6 33. g4 g6 34. Ke3 f5 35. f3 Bc7 36. Kd2 Ba5+ 37. Ke3 Bb4 38. c3 Bd6 39. b4 Kd7 40. a4 Kc6 41. Ke2 Bf4 42. Kf2 h5 43. gxf5 gxf5 44. Ke2 Bg5 45. Kf2 Bf4 46. Ke2 Bg5 47. Be5 Bh6 48. f4 {aiming for Ke3.} Bf8 (48... d4 $1 $11) 49. Bf6 (49. Ke3 $16) 49... Bd6 {The position is equal.} 50. Kf3 Bc7 51. Kg3 Bd6 52. Kf3 Bc7 {Precision: White = 38%, Black = 59%.} 1/2-1/2